Los primeros auxilios

Sonraí bibleagrafaíochta
Príomhchruthaitheoir: Saponaro, Aldo
Formáid: LEABHAR
Teanga:Spanish
Ábhair:

MARC

LEADER 00000cam a2200000 a 4500
001 22769
003 Ucuenca
005 20230308175034.0
008 993022|1970 sp |||||r|||||||||||spa||
040 |b spa 
041 0 |a spa 
082 0 |a 614.88 
100 1 |a Saponaro, Aldo  |9 81670 
245 4 |a Los primeros auxilios  |c Aldo Saponaro  |h imp 
264 |a Barcelona  |b De Vecchi  |c 1970 
300 |a 168 páginas:  |b ilu  |c 20 cm 
504 |a incl. ref. 
650 |a Primeros auxilios  |9 17848 
852 |a UC-SALUD  |l 1  |m General  |p 19930225  |q S/. 65  |t 22769  |b 0  |d CDRS  |e CDRS  |g 614.88  |z 1993-30-22 
942 |c BK 
999 |c 48625  |d 48625